[Event "OEsterreichische Damenbundesliga 2014/2015"]
[Site "Hartkirchen, St. Veit, Mayrhofen"]
[Date "2014.10.03"]
[Round "1"]
[Board "1"]
[White "Newrkla, Katharina"]
[Black "Saler-Grafenberger, Elisabeth"]
[Result "1-0"]
[WhiteElo "2142"]
[BlackElo "1936"]
[PlyCount "65"]
[EventDate "2014.10.03"]
[EventType "team"]
[EventRounds "9"]
[EventCountry "AUT"]
[WhiteTeam "ASVOE Wulkaprodersdorf"]
[BlackTeam "SpG Steyr 2"]

1. e4 e6 2. d4 d5 3. Nc3 Nf6 4. e5 Nfd7 5. f4 c5 6. Nf3 b6 7. Be3 Ba6 8. Nb5
Bxb5 9. Bxb5 a6 10. Be2 cxd4 11. Nxd4 Bc5 12. c3 Bxd4 13. Bxd4 O-O 14. O-O Nc6
15. Bd3 Nc5 16. Bc2 Qc7 17. Rf3 g6 18. Bf2 Qe7 19. Qe1 f5 20. exf6 Qxf6 21. b4
Nd7 22. Rd1 Rfe8 23. c4 Qb2 24. Bb3 dxc4 25. Bxc4 Nf8 26. Rb3 Qf6 27. Qe4 b5
28. Be2 Rac8 29. Bc5 Ne7 30. Bg4 h5 31. Bh3 Nd5 32. Bxe6+ Nxe6 33. Qxd5 1-0

[Event "OEsterreichische Damenbundesliga 2014/2015"]
[Site "Hartkirchen, St. Veit, Mayrhofen"]
[Date "2014.10.03"]
[Round "1"]
[Board "2"]
[White "Bernhard, Julia"]
[Black "Rampler, Evelyn"]
[Result "1-0"]
[WhiteElo "1754"]
[BlackElo "1839"]
[PlyCount "97"]
[EventDate "2014.10.03"]
[EventType "team"]
[EventRounds "9"]
[EventCountry "AUT"]
[WhiteTeam "SpG Steyr 2"]
[BlackTeam "ASVOE Wulkaprodersdorf"]

1. e4 c5 2. Nf3 Nc6 3. c3 Nf6 4. e5 Nd5 5. Bc4 e6 6. d4 Nb6 7. Bb3 cxd4 8. cxd4
d5 9. O-O Be7 10. Nc3 a6 11. Be3 Bd7 12. Nd2 Rc8 13. f4 Na5 14. f5 Nbc4 15.
Nxc4 Nxc4 16. Bxc4 Rxc4 17. f6 gxf6 18. exf6 Bxf6 19. Qf3 Rg8 20. Qxf6 Qxf6 21.
Rxf6 Ke7 22. Raf1 Be8 23. R1f2 b5 24. a3 Kd7 25. Kf1 Kc6 26. Ke1 a5 27. Kd2 b4
28. axb4 axb4 29. Na2 Kb6 30. Nc1 Bb5 31. Nb3 Ra8 32. Ke1 Ra2 33. Rd2 Ba4 34.
Nc5 Rc1+ 35. Kf2 Bc2 36. b3 Rb1 37. Rxf7 Rab2 38. Rb7+ Kc6 39. Rxb4 Be4 40.
Nxe4 dxe4 41. Rxb2 Rxb2+ 42. Kg3 Re2 43. Bf4 Kd5 44. Be5 h5 45. Rc4 h4+ 46.
Kxh4 e3 47. Kg3 Rb2 48. Kf3 Rxb3 49. Rc5# 1-0

[Event "OEsterreichische Damenbundesliga 2014/2015"]
[Site "Hartkirchen, St. Veit, Mayrhofen"]
[Date "2014.10.03"]
[Round "1"]
[Board "1"]
[White "Tarmastin, Laura"]
[Black "Hiebler, Laura"]
[Result "1/2-1/2"]
[WhiteElo "1832"]
[BlackElo "1921"]
[PlyCount "59"]
[EventDate "2014.10.03"]
[EventType "team"]
[EventRounds "9"]
[EventCountry "AUT"]
[WhiteTeam "SV Autohof St. Veit/Glan"]
[BlackTeam "SV Schachamazonen"]

1. e4 e6 2. d4 d5 3. exd5 exd5 4. Bf4 Nf6 5. Nf3 Bg4 6. Be2 Bd6 7. Bxd6 Qxd6 8.
c3 O-O 9. O-O c6 10. Ne5 Bxe2 11. Qxe2 Nbd7 12. Nxd7 Qxd7 13. Qd3 Rae8 14. Nd2
Ne4 15. Rae1 Nxd2 16. Qxd2 Rxe1 17. Rxe1 Re8 18. f3 Kf8 19. Kf2 Qf5 20. Rxe8+
Kxe8 21. Qe3+ Kd7 22. Qd2 b6 23. a3 a5 24. Qe2 h5 25. Qa6 Qc2+ 26. Qe2 Qc1 27.
Kg3 b5 28. Kh3 Qf4 29. g3 Qf5+ 30. Kg2 1/2-1/2

[Event "OEsterreichische Damenbundesliga 2014/2015"]
[Site "Hartkirchen, St. Veit, Mayrhofen"]
[Date "2014.10.03"]
[Round "1"]
[Board "2"]
[White "Schmidbauer, Andrea"]
[Black "Krassnitzer, Maria"]
[Result "1-0"]
[WhiteElo "1886"]
[BlackElo "1560"]
[PlyCount "77"]
[EventDate "2014.10.03"]
[EventType "team"]
[EventRounds "9"]
[EventCountry "AUT"]
[WhiteTeam "SV Schachamazonen"]
[BlackTeam "SV Autohof St. Veit/Glan"]

1. g3 e5 2. Bg2 Nf6 3. d3 Bc5 4. Nf3 d6 5. O-O O-O 6. Nbd2 Nc6 7. c3 d5 8. e4
Be6 9. b4 Bb6 10. b5 dxe4 11. dxe4 Na5 12. Nxe5 Re8 13. Bb2 Bg4 14. Nxg4 Nxg4
15. Qe2 Qg5 16. Nf3 Qe7 17. Nh4 Nf6 18. Nf5 Qc5 19. Nd4 Nc4 20. a4 Nxb2 21.
Qxb2 Ba5 22. Nb3 Qxc3 23. Qxc3 Bxc3 24. Rac1 Be5 25. f4 Bb2 26. Rc2 Ba3 27. e5
Ng4 28. Rxc7 Ne3 29. Rf3 Nxg2 30. Kxg2 Re7 31. Rfc3 f6 32. exf6 gxf6 33. Rxe7
Bxe7 34. Rc7 Kf8 35. Rxb7 a6 36. b6 h5 37. Nd4 Rc8 38. Rc7 Rb8 39. Rxe7 1-0

[Event "OEsterreichische Damenbundesliga 2014/2015"]
[Site "Hartkirchen, St. Veit, Mayrhofen"]
[Date "2014.10.03"]
[Round "1"]
[Board "1"]
[White "Teuschler, Barbara"]
[Black "Anker, Christin"]
[Result "1-0"]
[WhiteElo "2167"]
[BlackElo "1852"]
[PlyCount "83"]
[EventDate "2014.10.03"]
[EventType "team"]
[EventRounds "9"]
[EventCountry "AUT"]
[WhiteTeam "ASVOE Pamhagen"]
[BlackTeam "Schach ohne Grenzen"]

1. e4 e5 2. Nf3 Nc6 3. Bc4 Bc5 4. c3 Nf6 5. d3 a6 6. Bb3 d6 7. O-O Bg4 8. Re1
Qe7 9. Nbd2 O-O-O 10. Bc2 h5 11. b4 Bb6 12. a4 h4 13. a5 Ba7 14. b5 Nb8 15. Ba4
g5 16. Nc4 axb5 17. Bxb5 Bxf3 18. Qxf3 Rdg8 19. Be3 Bxe3 20. Qxe3 g4 21. Qa7
Nfd7 22. a6 bxa6 23. Bxa6+ Kd8 24. Reb1 Nxa6 25. Qxa6 Nc5 26. Qc6 Qd7 27. Qd5
Ke7 28. Nxe5 dxe5 29. Qxc5+ Qd6 30. Qc4 g3 31. Ra7 Rc8 32. Rbb7 gxf2+ 33. Kxf2
Kf6 34. Ra6 c6 35. Qxf7+ Kg5 36. Ke2 Rhf8 37. Qh7 Rg8 38. Raa7 Rg6 39. g3 hxg3
40. hxg3 Kf6 41. Rf7+ Ke6 42. Qh3+ 1-0

[Event "OEsterreichische Damenbundesliga 2014/2015"]
[Site "Hartkirchen, St. Veit, Mayrhofen"]
[Date "2014.10.03"]
[Round "1"]
[Board "2"]
[White "Wunderl, Eva"]
[Black "Hapala, Elisabeth"]
[Result "1/2-1/2"]
[WhiteElo "1882"]
[BlackElo "2074"]
[PlyCount "133"]
[EventDate "2014.10.03"]
[EventType "team"]
[EventRounds "9"]
[EventCountry "AUT"]
[WhiteTeam "Schach ohne Grenzen"]
[BlackTeam "ASVOE Pamhagen"]

1. e4 e5 2. Nf3 Nc6 3. Bc4 Nf6 4. d3 Be7 5. O-O O-O 6. Re1 d6 7. a4 Na5 8. Ba2
c5 9. c3 Nc6 10. Na3 Be6 11. Nc2 Bxa2 12. Rxa2 Re8 13. b4 cxb4 14. Nxb4 Nxb4
15. cxb4 Rc8 16. Rc2 Qd7 17. Be3 a6 18. h3 h6 19. Rxc8 Rxc8 20. Qb3 b5 21. a5
Qe6 22. Qb2 Qd7 23. Qb3 Qb7 24. Rc1 Rxc1+ 25. Bxc1 Qc6 26. Bd2 Nd7 27. Qc3 Nb8
28. Ne1 Qxc3 29. Bxc3 Nc6 30. Nc2 Kf8 31. Kf1 Ke8 32. Ne3 Kd7 33. Nd5 Bd8 34.
g3 Ne7 35. Ne3 Ke6 36. Ke2 d5 37. Bd2 d4 38. Nc2 Nc6 39. Be1 Be7 40. Bd2 h5 41.
f4 f5 42. Kf3 g6 43. Be1 exf4 44. gxf4 g5 45. exf5+ Kxf5 46. fxg5 Bxg5 47. Ke2
Be7 48. Bd2 Bf6 49. Be1 Kf4 50. Bf2 Be5 51. Be1 Bd6 52. Bf2 Nxb4 53. Nxd4 Nd5
54. Ne6+ Ke5 55. Ng7 Nf4+ 56. Kf3 Nxd3 57. Bg3+ Kd5 58. Bxd6 Kxd6 59. Nxh5 Ne5+
60. Ke4 Nc6 61. Nf4 Nxa5 62. h4 Nc4 63. Kd4 Ke7 64. Kc5 Kf6 65. Nd5+ Kg6 66.
Nc7 Kh5 67. Nxa6 1/2-1/2

[Event "OEsterreichische Damenbundesliga 2014/2015"]
[Site "Hartkirchen, St. Veit, Mayrhofen"]
[Date "2014.10.03"]
[Round "1"]
[Board "1"]
[White "Zechner, Andrea"]
[Black "Novkovic, Julia"]
[Result "0-1"]
[WhiteElo "1896"]
[BlackElo "2156"]
[PlyCount "126"]
[EventDate "2014.10.03"]
[EventType "team"]
[EventRounds "9"]
[EventCountry "AUT"]
[WhiteTeam "SV Extraherb WS"]
[BlackTeam "SK Dornbirn"]

1. d4 g6 2. c4 Bg7 3. Nc3 d6 4. Nf3 e5 5. dxe5 dxe5 6. Qxd8+ Kxd8 7. Bd2 Ke8 8.
O-O-O f6 9. h3 Be6 10. e3 Nh6 11. g4 Nf7 12. Ne4 Nd7 13. Bc3 Rg8 14. Be2 Rd8
15. a3 Nb6 16. b3 Rxd1+ 17. Rxd1 Nd7 18. Bb2 Ke7 19. Nc3 c6 20. b4 Nb6 21. Nd2
Rd8 22. c5 Nd5 23. Nc4 Nxc3 24. Bxc3 Rxd1+ 25. Kxd1 Ng5 26. h4 Nh3 27. Ke1 Ng1
28. Nd6 Nxe2 29. Kxe2 Bxg4+ 30. f3 Be6 31. Nxb7 h5 32. Na5 Bd7 33. Nc4 Ke6 34.
e4 Bh6 35. a4 Bf4 36. Kf2 g5 37. hxg5 fxg5 38. Ne3 Kf6 39. Ng2 Bc1 40. Ne1 Bf4
41. Ng2 Bh2 42. Ne3 a6 43. Nf1 Bf4 44. Ng3 Kg6 45. Ne2 g4 46. fxg4 hxg4 47. Be1
Kg5 48. Kg2 Be8 49. Nc3 Be3 50. Kg3 Kh5 51. Nd1 Bg5 52. Kg2 Bg6 53. Nc3 Be3 54.
Bf2 Bd2 55. b5 cxb5 56. axb5 Bxc3 57. bxa6 Bxe4+ 58. Kg3 Bd2 59. Bg1 Bf3 60. a7
Be1+ 61. Kh2 Kh4 62. Be3 g3+ 63. Kg1 Kg4 0-1

[Event "OEsterreichische Damenbundesliga 2014/2015"]
[Site "Hartkirchen, St. Veit, Mayrhofen"]
[Date "2014.10.03"]
[Round "1"]
[Board "2"]
[White "Mira, Helene"]
[Black "Tschida, Verena"]
[Result "1-0"]
[WhiteElo "2049"]
[BlackElo "1684"]
[PlyCount "99"]
[EventDate "2014.10.03"]
[EventType "team"]
[EventRounds "9"]
[EventCountry "AUT"]
[WhiteTeam "SK Dornbirn"]
[BlackTeam "SV Extraherb WS"]

1. Nf3 d5 2. c4 e6 3. d4 Nf6 4. g3 Bb4+ 5. Bd2 Qe7 6. Nc3 O-O 7. Bg2 c6 8. Qb3
Nbd7 9. O-O dxc4 10. Qxc4 Nb6 11. Qb3 Rd8 12. Rfd1 Rb8 13. a3 Bd6 14. e4 Bc7
15. Rac1 h6 16. h3 Nbd7 17. Be3 Nb6 18. Ne5 Bd7 19. f4 Be8 20. Nd3 Nfd7 21. Nb5
Na8 22. Nxc7 Nxc7 23. Bf2 Nb5 24. a4 Nd6 25. a5 Nc8 26. Nc5 Nxc5 27. dxc5 a6
28. Rd3 Na7 29. Rcd1 Nb5 30. Qc2 Qc7 31. b4 Qe7 32. Qd2 Rxd3 33. Qxd3 Rc8 34.
Bf1 Rc7 35. Qd8 Rd7 36. Qxe7 Rxe7 37. Rd8 Kf8 38. Rb8 Rd7 39. Bxb5 cxb5 40. c6
Rd1+ 41. Kg2 bxc6 42. Bc5+ Kg8 43. Rxe8+ Kh7 44. h4 Rd2+ 45. Kh3 h5 46. Ra8 Re2
47. Rxa6 Rxe4 48. Rxc6 Re1 49. a6 e5 50. a7 1-0

[Event "OEsterreichische Damenbundesliga 2014/2015"]
[Site "Hartkirchen, St. Veit, Mayrhofen"]
[Date "2014.10.03"]
[Round "1"]
[Board "1"]
[White "Schnegg, Anna-Lena"]
[Black "Landl, Margot"]
[Result "0-1"]
[WhiteElo "2072"]
[BlackElo "1804"]
[PlyCount "86"]
[EventDate "2014.10.03"]
[EventType "team"]
[EventRounds "9"]
[EventCountry "AUT"]
[WhiteTeam "Mayrhofen/SK Zell/Zillertal"]
[BlackTeam "SC Pinggau Friedberg"]

1. e4 e5 2. Nf3 Nc6 3. Bb5 a6 4. Ba4 Nf6 5. O-O Be7 6. Re1 b5 7. Bb3 d6 8. c3
O-O 9. h3 Na5 10. Bc2 c5 11. d4 Qc7 12. Nbd2 cxd4 13. cxd4 Nc6 14. Nb3 a5 15.
Be3 a4 16. Nbd2 Bd7 17. Rc1 Rfc8 18. Bb1 Qb7 19. Kh1 g6 20. d5 Na5 21. b4 axb3
22. axb3 b4 23. Ng1 Rxc1 24. Qxc1 Rc8 25. Qb2 Rc3 26. Ne2 Rc7 27. f4 exf4 28.
Nxf4 Bb5 29. Bd4 Nd7 30. Nf3 f6 31. Ne6 Rc8 32. Nh2 Ne5 33. Ng4 Bd7 34. Nh6+
Kh8 35. Nf7+ Kg8 36. Nh6+ Kh8 37. Nf7+ Kg8 38. Bxe5 dxe5 39. Nxe5 Bxe6 40. dxe6
fxe5 41. Qxe5 Qc7 42. Qb5 Rd8 43. Qf1 Rf8 0-1

[Event "OEsterreichische Damenbundesliga 2014/2015"]
[Site "Hartkirchen, St. Veit, Mayrhofen"]
[Date "2014.10.03"]
[Round "1"]
[Board "2"]
[White "Steiner, Magdalena"]
[Black "Mayrhuber, Nikola"]
[Result "1/2-1/2"]
[WhiteElo "1653"]
[BlackElo "1804"]
[PlyCount "49"]
[EventDate "2014.10.03"]
[EventType "team"]
[EventRounds "9"]
[EventCountry "AUT"]
[WhiteTeam "SC Pinggau Friedberg"]
[BlackTeam "Mayrhofen/SK Zell/Zillertal"]

1. d4 d5 2. Nf3 Nf6 3. Bf4 e6 4. e3 c5 5. c3 Nc6 6. Nbd2 Bd6 7. Bg3 O-O 8. Bd3
c4 9. Bc2 b5 10. e4 Be7 11. O-O b4 12. Ne1 Qa5 13. e5 Nd7 14. Bb1 bxc3 15. Qc2
g6 16. bxc3 Ba3 17. Ndf3 Rb8 18. Qd2 Bb2 19. Qh6 f6 20. Bxg6 hxg6 21. Qxg6+ Kh8
22. Qh6+ Kg8 23. Qg6+ Kh8 24. Qh6+ Kg8 25. Qg6+ 1/2-1/2

[Event "OEsterreichische Damenbundesliga 2014/2015"]
[Site "Hartkirchen, St. Veit, Mayrhofen"]
[Date "2014.10.03"]
[Round "1"]
[Board "1"]
[White "Stallinger, Vanessa"]
[Black "Horvath, Reka"]
[Result "0-1"]
[WhiteElo "1572"]
[BlackElo "2012"]
[PlyCount "56"]
[EventDate "2014.10.03"]
[EventType "team"]
[EventRounds "9"]
[EventCountry "AUT"]
[WhiteTeam "SK Advisory Invest Baden"]
[BlackTeam "SpG Feldbach-Kirchberg"]

1. e4 c5 2. c3 d6 3. d4 Nc6 4. dxc5 Nf6 5. Bd3 dxc5 6. f3 Ne5 7. Bb5+ Bd7 8.
Bxd7+ Qxd7 9. Qxd7+ Nfxd7 10. f4 Nd3+ 11. Ke2 Nxc1+ 12. Kd2 g6 13. Kxc1 Bh6 14.
Ne2 e5 15. g3 O-O-O 16. Nd2 exf4 17. gxf4 Rhe8 18. Rf1 Ne5 19. b3 Nd3+ 20. Kc2
f5 21. Ng3 Nxf4 22. exf5 Ng2 23. Nc4 b5 24. Rg1 Nh4 25. Na3 Rd2+ 26. Kb1 Nxf5
27. Nxf5 gxf5 28. Nxb5 Ree2 0-1

[Event "OEsterreichische Damenbundesliga 2014/2015"]
[Site "Hartkirchen, St. Veit, Mayrhofen"]
[Date "2014.10.03"]
[Round "1"]
[Board "2"]
[White "Wilfling, Sandra"]
[Black "Panzenboeck, Sophie"]
[Result "1-0"]
[WhiteElo "1852"]
[BlackElo "1454"]
[PlyCount "71"]
[EventDate "2014.10.03"]
[EventType "team"]
[EventRounds "9"]
[EventCountry "AUT"]
[WhiteTeam "SpG Feldbach-Kirchberg"]
[BlackTeam "SK Advisory Invest Baden"]

1. d4 d5 2. c4 e6 3. Nc3 Nf6 4. Bg5 c6 5. e3 Be7 6. Nf3 Nbd7 7. Rc1 O-O 8. Be2
b6 9. O-O Bb7 10. cxd5 exd5 11. Qc2 h6 12. Bh4 Re8 13. Rfd1 Nh7 14. Bg3 Ng5 15.
Nxg5 Bxg5 16. b4 b5 17. a4 a6 18. Bf3 Nb6 19. Ra1 Nc4 20. e4 dxe4 21. Nxe4 Be7
22. Nc5 Bxc5 23. dxc5 Qf6 24. Ra2 Ne5 25. Be4 Re6 26. Bf5 Re7 27. Rd6 Nd3 28.
Bxd3 Re1+ 29. Bf1 Qe7 30. f3 Re6 31. Qd2 Rxd6 32. Qxd6 Qe3+ 33. Bf2 Qb3 34. Qd2
Qe6 35. axb5 axb5 36. Rxa8+ 1-0

[Event "OEsterreichische Damenbundesliga 2014/2015"]
[Site "Hartkirchen, St. Veit, Mayrhofen"]
[Date "2014.10.03"]
[Round "1"]
[Board "1"]
[White "Nagy, Laura"]
[Black "Lasinger, Melanie"]
[Result "1-0"]
[WhiteElo "1880"]
[BlackElo "1491"]
[PlyCount "95"]
[EventDate "2014.10.03"]
[EventType "team"]
[EventRounds "9"]
[EventCountry "AUT"]
[WhiteTeam "Spg Steyr 1"]
[BlackTeam "JSV Muehlviertel"]

1. e4 c5 2. Nc3 d6 3. g3 Nf6 4. Bg2 e6 5. Nge2 a6 6. d3 Be7 7. h3 Qc7 8. O-O
O-O 9. Be3 Nbd7 10. f4 Rb8 11. g4 b5 12. Ng3 Bb7 13. g5 Ne8 14. Qg4 g6 15. f5
exf5 16. exf5 Ne5 17. Qe2 f6 18. Nd5 Qd7 19. fxg6 Nxg6 20. Nxe7+ Qxe7 21. Nf5
Qe5 22. Bxb7 Rxb7 23. Qg2 Rc7 24. d4 Qe6 25. a4 Kh8 26. axb5 axb5 27. Rae1 Qd7
28. Rd1 Ng7 29. Nxg7 Qxg7 30. gxf6 Rxf6 31. dxc5 Rxf1+ 32. Rxf1 dxc5 33. Kh1
Qxb2 34. Bxc5 Rxc5 35. Qa8+ Kg7 36. Qa7+ Kh6 37. Qxc5 b4 38. Rd1 Qa3 39. Qf5
Qa8+ 40. Kg1 Qa7+ 41. Kh2 Qc7+ 42. Kh1 Qc6+ 43. Kg1 Qb6+ 44. Qf2 Qe6 45. Qd2+
Kh5 46. Qd5+ Qxd5 47. Rxd5+ Kh4 48. Kh2 1-0

[Event "OEsterreichische Damenbundesliga 2014/2015"]
[Site "Hartkirchen, St. Veit, Mayrhofen"]
[Date "2014.10.03"]
[Round "1"]
[Board "2"]
[White "Stockhammer, Lotte"]
[Black "Amritzer, Martina"]
[Result "1/2-1/2"]
[WhiteElo "1264"]
[BlackElo "1332"]
[PlyCount "105"]
[EventDate "2014.10.03"]
[EventType "team"]
[EventRounds "9"]
[EventCountry "AUT"]
[WhiteTeam "JSV Muehlviertel"]
[BlackTeam "Spg Steyr 1"]

1. d4 d5 2. c4 dxc4 3. e3 Bf5 4. Bxc4 e6 5. Bd2 Nf6 6. Nc3 c6 7. Nf3 Nbd7 8.
O-O Bd6 9. Re1 Ne4 10. Nxe4 Bxe4 11. Bb3 h6 12. Bc2 Bxc2 13. Qxc2 Qc7 14. g3
O-O 15. e4 e5 16. Qc1 f6 17. Qc4+ Kh7 18. Rac1 exd4 19. Nxd4 Ne5 20. Qb3 Qd7
21. f4 Bc5 22. Rxc5 Qxd4+ 23. Qe3 Qxe3+ 24. Rxe3 Nd7 25. Rcc3 Rad8 26. Red3 g5
27. Ra3 Nc5 28. Rxd8 Rxd8 29. Be3 Nxe4 30. Rxa7 Rd1+ 31. Kg2 Rd7 32. a4 Kg6 33.
a5 Rd1 34. Rxb7 g4 35. a6 Ra1 36. a7 c5 37. b4 Ra2+ 38. Kf1 cxb4 39. Rxb4 Ra1+
40. Ke2 Nc3+ 41. Kd3 Nd5 42. Re4 Nxe3 43. Rxe3 Rxa7 44. Re2 Ra1 45. Ke3 Rf1 46.
Rf2 Rxf2 47. Kxf2 Kf5 48. Ke3 h5 49. Kf2 Ke4 50. Ke2 Kd4 51. Kd2 f5 52. Ke2 Kc4
53. Kf2 1/2-1/2

[Event "OEsterreichische Damenbundesliga 2014/2015"]
[Site "Hartkirchen, St. Veit, Mayrhofen"]
[Date "2014.10.04"]
[Round "2"]
[Board "1"]
[White "Truszkiewicz, Eliza"]
[Black "Horvath, Reka"]
[Result "1/2-1/2"]
[WhiteElo "1929"]
[BlackElo "2012"]
[PlyCount "94"]
[EventDate "2014.10.03"]
[EventType "team"]
[EventRounds "9"]
[EventCountry "AUT"]
[WhiteTeam "SV Schachamazonen"]
[BlackTeam "SpG Feldbach-Kirchberg"]

1. e4 c5 2. c3 d6 3. Nf3 Nf6 4. e5 dxe5 5. Nxe5 Nbd7 6. Qa4 Qc7 7. f4 e6 8. Na3
a6 9. Be2 Be7 10. d3 O-O 11. Nf3 Nd5 12. g3 b5 13. Qc2 Bb7 14. c4 Nb4 15. Qd1
Bf6 16. O-O Qb6 17. Nc2 Rfd8 18. Ne3 Qc6 19. a3 Nxd3 20. Bxd3 Bd4 21. Qc2 e5
22. Bxh7+ Kh8 23. Bf5 exf4 24. Bxd7 Rxd7 25. cxb5 axb5 26. gxf4 Re8 27. Nxd4
Qh1+ 28. Kf2 Qxh2+ 29. Ke1 Qg3+ 30. Qf2 Qxf2+ 31. Kxf2 cxd4 32. Nf5 g6 33. Ng3
Rc7 34. Re1 Rc2+ 35. Re2 Rexe2+ 36. Nxe2 d3 37. Ke3 dxe2 38. Bd2 Rc4 39. Kxe2
Kg7 40. b3 Re4+ 41. Kd3 Kf6 42. Rc1 Re6 43. Rc5 Rd6+ 44. Ke3 Rd5 45. Bc3+ Ke6
46. Rc7 Rd7 47. Rc5 Rd5 1/2-1/2

[Event "OEsterreichische Damenbundesliga 2014/2015"]
[Site "Hartkirchen, St. Veit, Mayrhofen"]
[Date "2014.10.04"]
[Round "2"]
[Board "2"]
[White "Wilfling, Sandra"]
[Black "Hiebler, Laura"]
[Result "0-1"]
[WhiteElo "1852"]
[BlackElo "1921"]
[PlyCount "69"]
[EventDate "2014.10.03"]
[EventType "team"]
[EventRounds "9"]
[EventCountry "AUT"]
[WhiteTeam "SpG Feldbach-Kirchberg"]
[BlackTeam "SV Schachamazonen"]

1. d4 Nf6 2. c4 e6 3. Nc3 Bb4 4. Bd2 b6 5. Nf3 Bb7 6. e3 O-O 7. Bd3 Bxc3 8.
Bxc3 Ne4 9. Qc2 f5 10. b3 d6 11. Bb2 Nd7 12. O-O Qe8 13. d5 Ndc5 14. b4 Nxd3
15. Qxd3 Qg6 16. Nd2 Rae8 17. f3 Nxd2 18. Qxd2 Ba6 19. Rfc1 Kh8 20. a4 Bc8 21.
a5 Re7 22. axb6 axb6 23. Ra7 f4 24. Bd4 fxe3 25. Bxe3 Ref7 26. Kh1 Kg8 27. c5
bxc5 28. bxc5 exd5 29. Qxd5 Be6 30. Qd2 d5 31. c6 Qh5 32. Bc5 Rd8 33. Re1 Qg6
34. Bd4 h5 35. Bc5 0-1

[Event "OEsterreichische Damenbundesliga 2014/2015"]
[Site "Hartkirchen, St. Veit, Mayrhofen"]
[Date "2014.10.04"]
[Round "2"]
[Board "2"]
[White "Horvath, Maria"]
[Black "Steiner, Magdalena"]
[Result "1-0"]
[WhiteElo "2033"]
[BlackElo "1653"]
[PlyCount "81"]
[EventDate "2014.10.03"]
[EventType "team"]
[EventRounds "9"]
[EventCountry "AUT"]
[WhiteTeam "ASVOE Pamhagen"]
[BlackTeam "SC Pinggau Friedberg"]

1. d4 Nf6 2. c4 g6 3. Nc3 Bg7 4. e4 d6 5. f3 O-O 6. Be3 Nbd7 7. Nge2 c5 8. Qd2
a6 9. Rd1 Qc7 10. Ng3 Rb8 11. Be2 b6 12. O-O Bb7 13. d5 Bc8 14. f4 Rd8 15. h3
Nf8 16. a4 Bd7 17. Kh1 Rb7 18. Bd3 Qb8 19. e5 Ne8 20. Qf2 Kh8 21. exd6 Nxd6 22.
f5 Be5 23. fxg6 fxg6 24. Bf4 Bxf4 25. Qxf4 Nc8 26. Qh6 Kg8 27. Nge4 Bf5 28. Ng5
e6 29. Nce4 Qe5 30. g4 Bxe4+ 31. Bxe4 Nd6 32. Bg2 Re7 33. Rde1 Qxb2 34. dxe6
Qd4 35. Nf7 Nxf7 36. exf7+ Rxf7 37. Rxf7 Kxf7 38. Qg5 Rd7 39. Bd5+ Kg7 40. Rf1
Qd3 41. Qf6+ 1-0

[Event "OEsterreichische Damenbundesliga 2014/2015"]
[Site "Hartkirchen, St. Veit, Mayrhofen"]
[Date "2014.10.04"]
[Round "2"]
[Board "1"]
[White "Novkovic, Julia"]
[Black "Nagy, Laura"]
[Result "1-0"]
[WhiteElo "2156"]
[BlackElo "1880"]
[PlyCount "57"]
[EventDate "2014.10.03"]
[EventType "team"]
[EventRounds "9"]
[EventCountry "AUT"]
[WhiteTeam "SK Dornbirn"]
[BlackTeam "Spg Steyr 1"]

1. e4 e5 2. Nf3 Nc6 3. Nc3 Nf6 4. d4 exd4 5. Nxd4 Bc5 6. Be3 Bb6 7. Nxc6 bxc6
8. e5 Bxe3 9. fxe3 Ng8 10. Qg4 g6 11. Qd4 f5 12. O-O-O Qe7 13. e6 Nf6 14. exd7+
Bxd7 15. Bc4 c5 16. Qf4 c6 17. e4 Nh5 18. Qf3 f4 19. e5 O-O-O 20. e6 Be8 21.
Ba6+ Kc7 22. Rxd8 Kxd8 23. Qe4 Qg5 24. h4 Qf5 25. e7+ Kc7 26. Qa4 Kb6 27. Rd1
Bf7 28. Rd8 Re8 29. Bd3 1-0

[Event "OEsterreichische Damenbundesliga 2014/2015"]
[Site "Hartkirchen, St. Veit, Mayrhofen"]
[Date "2014.10.04"]
[Round "2"]
[Board "2"]
[White "Amritzer, Martina"]
[Black "Froewis, Annika"]
[Result "0-1"]
[WhiteElo "1332"]
[BlackElo "1991"]
[PlyCount "68"]
[EventDate "2014.10.03"]
[EventType "team"]
[EventRounds "9"]
[EventCountry "AUT"]
[WhiteTeam "Spg Steyr 1"]
[BlackTeam "SK Dornbirn"]

1. d4 d5 2. c4 e6 3. cxd5 exd5 4. Nc3 Nf6 5. e3 c6 6. Bd3 Bd6 7. Nf3 O-O 8. Qc2
Re8 9. Bd2 Nbd7 10. O-O-O a5 11. Na4 Nf8 12. h3 Ne4 13. Be1 Bd7 14. Nd2 Nf6 15.
Nc5 b6 16. Nxd7 N8xd7 17. g4 h6 18. Kb1 c5 19. Nf3 Rc8 20. Qe2 cxd4 21. Nxd4
Be5 22. Nf5 Nc5 23. Bb5 Re6 24. Bd2 Kh7 25. Qf1 g6 26. f4 gxf5 27. gxf5 Re7 28.
fxe5 Rxe5 29. Rg1 Nfe4 30. Qf4 Qf6 31. Be1 Rxf5 32. Qg4 Rg5 33. Qxc8 Rxg1 34.
Kc1 Qf3 0-1

[Event "OEsterreichische Damenbundesliga 2014/2015"]
[Site "Hartkirchen, St. Veit, Mayrhofen"]
[Date "2014.10.04"]
[Round "2"]
[Board "1"]
[White "Schnegg, Anna-Lena"]
[Black "Newrkla, Katharina"]
[Result "1/2-1/2"]
[WhiteElo "2072"]
[BlackElo "2142"]
[PlyCount "94"]
[EventDate "2014.10.03"]
[EventType "team"]
[EventRounds "9"]
[EventCountry "AUT"]
[WhiteTeam "Mayrhofen/SK Zell/Zillertal"]
[BlackTeam "ASVOE Wulkaprodersdorf"]

1. e4 c5 2. Ne2 d6 3. g3 Nf6 4. Bg2 Nc6 5. Nbc3 a6 6. O-O e6 7. d4 cxd4 8. Nxd4
Bd7 9. h3 Be7 10. a4 O-O 11. Be3 Rc8 12. Qd2 Na5 13. b3 Qc7 14. Na2 Rfd8 15.
Rfc1 h6 16. Rab1 e5 17. Ne2 d5 18. exd5 Ba3 19. Rd1 Bf5 20. Nec3 Bd6 21. Rf1 b6
22. f4 exf4 23. Bxf4 Bxf4 24. Rxf4 Bg6 25. Rf3 Nb7 26. Re1 Qc5+ 27. Kh1 Nxd5
28. Nxd5 Rxd5 29. Qf2 Qxf2 30. Rxf2 Rd7 31. Bxb7 Rxb7 32. c4 Rd7 33. Nb4 a5 34.
Nd5 Rb8 35. Ne7+ Kh7 36. Nxg6 Kxg6 37. Re3 Rbd8 38. Kg2 Rd1 39. Rf1 R1d2+ 40.
Rf2 Rd1 41. Rf1 R8d2+ 42. Rf2 Rd6 43. Re5 R1d3 44. Rf3 Rd2+ 45. Rf2 R2d3 46.
Rf3 Rd2+ 47. Rf2 R2d3 1/2-1/2

[Event "OEsterreichische Damenbundesliga 2014/2015"]
[Site "Hartkirchen, St. Veit, Mayrhofen"]
[Date "2014.10.04"]
[Round "2"]
[Board "2"]
[White "Rampler, Evelyn"]
[Black "Wu, Min"]
[Result "0-1"]
[WhiteElo "1839"]
[BlackElo "1929"]
[PlyCount "80"]
[EventDate "2014.10.03"]
[EventType "team"]
[EventRounds "9"]
[EventCountry "AUT"]
[WhiteTeam "ASVOE Wulkaprodersdorf"]
[BlackTeam "Mayrhofen/SK Zell/Zillertal"]

1. e4 e5 2. Bc4 Nf6 3. d3 c6 4. Nf3 d5 5. exd5 cxd5 6. Bb5+ Bd7 7. Bxd7+ Nbxd7
8. O-O Bd6 9. Nc3 a6 10. Bg5 Qc7 11. Re1 O-O 12. h3 Rac8 13. Re2 Bb4 14. Bxf6
Nxf6 15. Nxe5 d4 16. Nb1 Rfe8 17. c3 dxc3 18. bxc3 Rxe5 19. Rxe5 Qxe5 20. d4
Qf4 21. g3 Qh6 22. Nd2 Bxc3 23. Rc1 Rc6 24. Nf3 Nd5 25. Ne5 Rc7 26. Rb1 Qe6 27.
Rb3 f6 28. Nf3 Qe4 29. Kg2 b5 30. a4 b4 31. Qf1 Rc6 32. Qc1 h5 33. h4 Re6 34.
Qf1 Qc2 35. Rxc3 bxc3 36. Kg1 Qxa4 37. Qh3 Qc6 38. Qf5 c2 39. Ng5 c1=Q+ 40. Kh2
fxg5 0-1